书目信息 |
| 题名: |
光接入网技术及其应用
|
|
| 作者: | 孙强 , 周虚 编著 | |
| 分册: | ||
| 出版信息: | 北京 清华大学出版社 2005.9 |
|
| 页数: | 206页 | |
| 开本: | 26cm | |
| 丛书名: | 高等学校电子信息类系列教材 | |
| 单 册: | ||
| 中图分类: | TN915.63-43 | |
| 科图分类: | ||
| 主题词: | 光纤通信--guang xian tong xin--接入网--高等学校--教材 , 接入网--jie ru wang | |
| 电子资源: | ||
| ISBN: | 7-81082-566-6 | |
| 000 | 01249nam0 2200337 450 | |
| 000 | 01268nam0 2200337 450 | |
| 000 | 01231nam0 2200325 450 | |
| 000 | 01188nam0 2200313 450 | |
| 000 | 01177nam0 2200313 450 | |
| 000 | 01140nam0 2200301 45 | |
| 001 | 012005000000 | |
| 005 | 20051214100509.54 | |
| 010 | @a7-81082-566-6@dCNY23.00 | |
| 100 | @a20050923d2005 em y0chiy0121 ea | |
| 101 | 0 | @achi |
| 102 | @aCN@b110000 | |
| 105 | @ay z 000yy | |
| 200 | 1 | @a光接入网技术及其应用@Aguang jie ru wang ji shu ji qi ying yong@f孙强,周虚编著 |
| 210 | @a北京@c清华大学出版社@c北京交通大学出版社@d2005.9 | |
| 215 | @a206页@d26cm | |
| 225 | 2 | @a高等学校电子信息类系列教材@Agao deng xue xiao dian zi xin xi lei xi lie jiao cai |
| 320 | @a有书目 | |
| 330 | @a本书内容有接入网概论、主流的接入网技术、光接入技术、光接入网、有源光网络、无源光网络、CATV和HFC接入技术、光接入网网管技术、全光网和光接入网名词术语等。 | |
| 461 | 0 | @12001 @a高等学校电子信息类系列教材 |
| 606 | 0 | @a光纤通信@Aguang xian tong xin@x接入网@x高等学校@j教材 |
| 606 | 0 | @a接入网@Ajie ru wang |
| 690 | @aTN915.63-43@v4 | |
| 701 | 0 | @a孙强@Asun qiang@4编著 |
| 701 | 0 | @a周虚@Azhou xu@4编著 |
| 801 | 0 | @aCN@bSRXX@c20051214 |
| 905 | @a10447@dTN915.63-43@eS932 | |
| 光接入网技术及其应用/孙强,周虚编著.-北京:清华大学出版社:北京交通大学出版社,2005.9 |
| 206页;26cm.-(高等学校电子信息类系列教材) |
| ISBN 7-81082-566-6:CNY23.00 |
| 本书内容有接入网概论、主流的接入网技术、光接入技术、光接入网、有源光网络、无源光网络、CATV和HFC接入技术、光接入网网管技术、全光网和光接入网名词术语等。 |
| ● |
| 相关链接 |
|
|
|
正题名:光接入网技术及其应用
索取号:TN915.63-43/S932
 
预约/预借
| 序号 | 登录号 | 条形码 | 馆藏地/架位号 | 状态 | 备注 |
| 1 | 548112 | 205481129 | 期刊室512/301自科库 29排3列4层/ [索取号:TN915.63-43/S932] | 在馆 | |
| 2 | 548113 | 205481138 | 自科库301/301自科库 998排4列2层/ [索取号:TN915.63-43/S932] | 在馆 | |
| 3 | 548114 | 205481147 | 自科库301/301自科库 998排4列2层/ [索取号:TN915.63-43/S932] | 在馆 |